[Event "Druzynowe Mistrzostwa Polski - II liga"]
[Site "Sypniewo k. Jastrowia"]
[Date "1899-12-30"]
[Round "8.41"]
[White "Szydelko, Michal"]
[Black "Bugajski, Robert"]
[Result "1/2-1/2"]
[WhiteTitle "I+"]
[BlackTitle "FM"]
[WhiteElo "1754"]
[BlackElo "2047"]

1. e4 c5 2. Nf3 d6 3. c3 Nf6 4. Bd3 Nc6 5. h3 e5 6. Bc2 Be7 7. d4 O-O 8. O-O Qc7
9. d5 Na5 10. Qe2 Bd7 11. c4 a6 12. Nc3 Rab8 13. a4 b6 14. Ne1 g6 15. Bg5 Rfe8
16. g4 Kg7 17. Bd2 h5 18. f3 Rh8 19. Kg2 Qc8 20. Rh1 hxg4 21. hxg4 Rxh1 22. Kxh1
Qh8+ 23. Kg1 Qh3 24. b3 Rh8 25. Qg2 Qh7 26. Nd3 Nb7 27. Nf2 Qh4 28. Kf1 Ng8 29.
Ke2 Qh2 30. Qxh2 Rxh2 31. Rh1 Rxh1 32. Nxh1 Bh4 33. Kf1 Kf6 34. Kg2 Bg5 35. Be1
Kg7 36. Ng3 Ne7 37. Kf2 Ng8 38. Kg2 Nf6 39. Kf2 Ne8 40. Na2 Nc7 41. Bd3 Kf6 42.
Bc3 b5 43. axb5 axb5 44. b4 bxc4 45. Bxc4 Nb5 46. Bb2 Bd2 47. bxc5 Nxc5 48. Bc1
Bxc1 49. Nxc1 Nd4 50. Nce2 Nc2 51. Nf1 Kg5 52. Ne3 Nxe3 53. Kxe3 Kh4 54. Nc3 Kg3
55. Bb5 Bc8 56. Be8 f5 57. exf5 gxf5 58. g5 f4+ 59. Ke2 Bf5 60. g6 Bd3+ 61. Ke1
Kxf3 62. g7 Bh7 63. Bf7 e4 64. g8=Q Bxg8 65. Bxg8 e3 66. Kf1 Kg3 67. Bh7 f3 68.
Bc2 Kf4 69. Bd1 e2+ 70. Bxe2 fxe2+ 71. Kxe2 Ke5 72. Nb5 1/2-1/2

[Event "Druzynowe Mistrzostwa Polski - II liga"]
[Site "Sypniewo k. Jastrowia"]
[Date "1899-12-30"]
[Round "8.42"]
[White "Andrzejewska, Anna"]
[Black "Trusz, Julia"]
[Result "1/2-1/2"]
[WhiteTitle "WCM"]
[BlackTitle "I++"]
[WhiteElo "1933"]
[BlackElo "1659"]

1. e4 Nf6 2. e5 Nd5 3. d4 d6 4. c4 Nb6 5. exd6 exd6 6. Nc3 Be7 7. Bd3 Nc6 8. Nge2
Bg4 9. Be3 Bf6 10. f3 Bh5 11. O-O Bg6 12. b3 O-O 13. Re1 Re8 14. Bf2 Ne7 15. Ne4
Nc6 16. Nxf6+ Qxf6 17. Qd2 Re7 18. Nc3 Bxd3 19. Rxe7 Nxe7 20. Qxd3 a6 21. Re1
d5 22. Qe3 Kf8 23. c5 Nd7 24. Bg3 Rc8 25. Qd3 Qg6 26. Qe3 Nf5 27. Qf4 Nxg3 28.
hxg3 c6 29. g4 Qf6 30. Qxf6 Nxf6 31. Kf2 h6 32. b4 Ne8 33. a4 Nc7 34. Rb1 Ne6
35. Ne2 Ke7 36. Ke3 Rb8 37. b5 axb5 38. axb5 Ra8 39. bxc6 Ra3+ 40. Kd2 bxc6 41.
Rb7+ Kf6 42. Rb6 Ra2+ 43. Kd3 Ra3+ 44. Kd2 Ra2+ 45. Kd3 Ra3+ 46. Kd2 Ra2+ 47.
Kd3 Ra3+ 48. Nc3 Nd8 49. Rb8 Ke7 1/2-1/2

[Event "Druzynowe Mistrzostwa Polski - II liga"]
[Site "Sypniewo k. Jastrowia"]
[Date "1899-12-30"]
[Round "8.43"]
[White "Luczak, Filip"]
[Black "Nowak, Kamil"]
[Result "1-0"]
[WhiteTitle "FM"]
[BlackTitle "m"]
[WhiteElo "2278"]
[BlackElo "2318"]

1. c4 c6 2. e4 d5 3. exd5 cxd5 4. d4 Nf6 5. Nc3 Nc6 6. Nf3 Bg4 7. cxd5 Nxd5 8.
Qb3 Bxf3 9. gxf3 e6 10. Qxb7 Nxd4 11. Bb5+ Nxb5 12. Qc6+ Ke7 13. Qc5+ Nd6 14.
Nxd5+ exd5 15. O-O Kd7 16. Qxd5 Be7 17. Re1 Qb6 18. Bf4 Rhe8 19. Bxd6 Qxd6 20.
Qb7+ Qc7 21. Rad1+ Bd6 22. Rxd6+ Kxd6 23. Rd1+ 1-0

[Event "Druzynowe Mistrzostwa Polski - II liga"]
[Site "Sypniewo k. Jastrowia"]
[Date "1899-12-30"]
[Round "8.44"]
[White "Daniel, Damian"]
[Black "Grzesik, Gracjan"]
[Result "1-0"]
[WhiteTitle "CM"]
[BlackTitle "k"]
[WhiteElo "2165"]
[BlackElo "2149"]

1. d4 Nf6 2. Nf3 e6 3. g3 b5 4. Bg2 Bb7 5. O-O d5 6. c3 Nbd7 7. a4 b4 8. a5 Ba6
9. Re1 Bd6 10. Nbd2 bxc3 11. bxc3 O-O 12. e4 dxe4 13. Ng5 Rc8 14. Ndxe4 h6 15.
Nh3 Be7 16. Nf4 Nxe4 17. Bxe4 Nf6 18. Bc6 Rb8 19. Qf3 Bb5 20. Bxb5 Rxb5 21. d5
g5 22. c4 Rb8 23. Nh5 Nxh5 24. Qxh5 Bf6 25. Ra3 exd5 26. Qxh6 dxc4 27. Rf3 Bg7
28. Qh5 Rb1 29. Rf5 Qd3 30. Qxg5 c3 31. Qg4 c2 32. Rg5 Qc3 33. Kg2 Rd8 34. Bd2
Qc6+ 35. Re4 Qf6 36. Rf4 Qc6+ 37. Rf3 Qh6 38. Rd5 Qxd2 39. Rxd2 Rxd2 40. Qc8+
Bf8 41. Qe8 Rb8 42. Qxf7+ Kh8 43. Qh5+ Kg8 44. Qg5+ Bg7 45. Qxd2 1-0

[Event "Druzynowe Mistrzostwa Polski - II liga"]
[Site "Sypniewo k. Jastrowia"]
[Date "1899-12-30"]
[Round "8.45"]
[White "Szczepinski, Michal"]
[Black "Stankiewicz, Pawel"]
[Result "1/2-1/2"]
[WhiteTitle "m"]
[BlackTitle "k"]
[WhiteElo "2325"]
[BlackElo "2104"]

1. e4 e6 2. d4 d5 3. Nc3 Bb4 4. exd5 exd5 5. Bd3 Nc6 6. a3 Be7 7. Nge2 Bg4 8. Be3
Nf6 9. O-O Qd7 10. f3 Bf5 11. Bxf5 Qxf5 12. g4 Qd7 13. Nf4 g5 14. Nd3 O-O-O 15.
b4 h5 16. b5 Na5 17. Ne5 Qe6 18. Re1 hxg4 19. fxg4 Ne4 20. Qf3 Nxc3 21. Bd2 Ne4
22. Bxa5 f6 23. Ng6 Rhe8 24. c4 Bd6 25. Re2 b6 26. Bb4 Qf7 27. Qf5+ Kb8 28. Rae1
Bxb4 29. axb4 Nd6 30. Qxd5 Qxg6 31. c5 Rxe2 32. Rxe2 Qd3 33. Re7 Nb7 34. Qe4 Qd1+
35. Kg2 Qd2+ 36. Kf3 Rxd4 37. Re8+ Nd8 38. Qe2 Qf4+ 39. Kg2 Rd2 40. Kh3 Qd4 41.
Qe4 Qf2 42. Rxd8+ Rxd8 43. Qb7+ 1/2-1/2

[Event "Druzynowe Mistrzostwa Polski - II liga"]
[Site "Sypniewo k. Jastrowia"]
[Date "1899-12-30"]
[Round "8.46"]
[White "Borowski, Przemyslaw"]
[Black "Majewski, Krzysztof"]
[Result "1/2-1/2"]
[WhiteTitle "I"]
[BlackTitle "I+"]
[WhiteElo "1863"]
[BlackElo "1999"]

1. c4 e5 2. Nc3 Nc6 3. g3 g6 4. Bg2 Bg7 5. d3 Nge7 6. Nf3 O-O 7. O-O d6 8. Rb1
f5 9. Ne1 f4 10. Nc2 Be6 11. b4 Qd7 12. b5 Nd8 13. Nb4 Bh3 14. Nbd5 Bxg2 15. Nxe7+
Qxe7 16. Kxg2 Ne6 17. Nd5 Qd7 18. f3 c6 19. bxc6 bxc6 20. Nc3 h5 21. Ne4 d5 22.
cxd5 cxd5 23. Nf2 Rfb8 24. Ba3 Rxb1 25. Qxb1 Qa4 26. Qb7 Rd8 27. Bb2 Qd7 28. Qa6
Rb8 29. Ba1 Rb6 30. Qa5 Qb7 31. Rc1 Rb5 32. Qa4 Kh7 33. g4 h4 34. Nd1 Rb1 35.
Qc2 Rxc1 36. Qxc1 Qa6 37. Qc2 Qa5 38. Bc3 Qc5 39. Qb2 d4 40. Bb4 Qb6 41. Qa3 Nc7
42. Nb2 Nd5 43. Ba5 Ne3+ 44. Kh3 Qc6 45. Qe7 Qc1 46. Qxh4+ Kg8 47. Qd8+ Kh7 48.
Qh4+ Bh6 49. Qe7+ Kg8 50. Qe8+ Kh7 51. Qe7+ Bg7 52. Qh4+ Kg8 53. Qd8+ Kh7 1/2-1/2

[Event "Druzynowe Mistrzostwa Polski - II liga"]
[Site "Sypniewo k. Jastrowia"]
[Date "1899-12-30"]
[Round "8.47"]
[White "Sokolowski, Ryszard"]
[Black "Szmyd, Marek"]
[Result "1-0"]
[WhiteTitle "k"]
[BlackTitle "k"]
[WhiteElo "2031"]
[BlackElo "1897"]

1. d4 Nf6 2. c4 e6 3. Nc3 d5 4. cxd5 exd5 5. Bg5 Be7 6. e3 h6 7. Bh4 c6 8. Bd3
Ne4 9. Bxe7 Qxe7 10. Qc2 f5 11. Nxd5 Qf7 12. Bxe4 O-O 13. Bf3 cxd5 14. Ne2 g5
15. g3 Nc6 16. h4 Be6 17. Qd2 Rac8 18. hxg5 hxg5 19. Rc1 Kg7 20. b4 b6 21. b5
Na5 22. Rxc8 Rxc8 23. e4 dxe4 24. Qxg5+ Qg6 25. Qxg6+ Kxg6 26. Nf4+ Kf7 27. d5
Rc1+ 28. Kd2 Rc8 29. Kd1 Bd7 30. Ke1 Ke8 31. Rh7 Kd8 32. Bh5 1-0

[Event "Druzynowe Mistrzostwa Polski - II liga"]
[Site "Sypniewo k. Jastrowia"]
[Date "1899-12-30"]
[Round "8.48"]
[White "Rychlik, Hanna"]
[Black "Krzywnicka, Maria"]
[Result "1-0"]
[WhiteTitle "k"]
[BlackTitle "I++"]
[WhiteElo "2040"]
[BlackElo "1885"]

1. d4 Nf6 2. c4 c5 3. d5 e6 4. Nc3 exd5 5. cxd5 d6 6. e4 g6 7. Nge2 Bg7 8. Ng3
O-O 9. Be2 a6 10. a4 Nbd7 11. O-O Re8 12. Re1 Rb8 13. Be3 Ne5 14. h3 Qc7 15. f4
Ned7 16. Rc1 h5 17. Bf3 Qd8 18. Nh1 b5 19. axb5 axb5 20. Nf2 b4 21. Nb1 Nb6 22.
e5 dxe5 23. fxe5 Nfxd5 24. Bxc5 Be6 25. Qd4 Qg5 26. h4 Qg3 27. Bxb6 Rxb6 28. Bxd5
Rd6 29. Qxb4 Rxd5 30. Rc3 Rd6 31. Ne4 Bd5 32. Rcc1 Bxe4 33. Rxe4 Bxe5 34. Qxd6
1-0

[Event "Druzynowe Mistrzostwa Polski - II liga"]
[Site "Sypniewo k. Jastrowia"]
[Date "1899-12-30"]
[Round "8.49"]
[White "Rudolf, Michal"]
[Black "Chomczyk, Marek"]
[Result "1/2-1/2"]
[WhiteTitle "FM"]
[BlackTitle "k++"]
[WhiteElo "2356"]
[BlackElo "2260"]

1. e4 d6 2. d4 Nf6 3. Nc3 g6 4. Be3 c6 5. Nf3 Bg7 6. Qd2 O-O 7. h3 Qc7 8. Bd3 e5
9. O-O Nbd7 10. Rfd1 Re8 11. a4 1/2-1/2

[Event "Druzynowe Mistrzostwa Polski - II liga"]
[Site "Sypniewo k. Jastrowia"]
[Date "1899-12-30"]
[Round "8.50"]
[White "Budnik, Mateusz"]
[Black "Markowski, Damian"]
[Result "0-1"]
[WhiteTitle "k"]
[BlackTitle "FM"]
[WhiteElo "2008"]
[BlackElo "2202"]

1. Nf3 g6 2. e4 Bg7 3. d4 d6 4. c3 Nf6 5. Bd3 O-O 6. O-O Nc6 7. d5 Ne5 8. Nxe5
dxe5 9. c4 e6 10. Nc3 exd5 11. cxd5 Bd7 12. Qb3 Qb8 13. f3 Ne8 14. Be3 Nd6 15.
Rac1 a6 16. a4 f5 17. a5 Qe8 18. Bc5 Bh6 19. Rb1 Rf7 20. Kh1 Rb8 21. Ba7 Rd8 22.
Bc5 Rb8 23. Ba7 Rd8 24. Bc5 Bc8 25. Na4 Qe7 26. Bg1 Rdf8 27. Nc5 Qh4 28. Qc2 b6
29. axb6 cxb6 30. Bf2 Qe7 31. Ne6 Bxe6 32. dxe6 Qxe6 33. exf5 gxf5 34. Bxa6 Qg6
35. Qc6 Kh8 36. Bxb6 Rf6 37. Bc5 Rg8 38. Rg1 Ne4 0-1

[Event "Druzynowe Mistrzostwa Polski - II liga"]
[Site "Sypniewo k. Jastrowia"]
[Date "1899-12-30"]
[Round "8.51"]
[White "Chalupnik, Marcin"]
[Black "Celinski, Kamil"]
[Result "1-0"]
[WhiteTitle "k++"]
[BlackTitle "I++"]
[WhiteElo "2174"]
[BlackElo "2025"]

1. c4 Nf6 2. g3 e6 3. Bg2 d5 4. Nf3 Be7 5. O-O O-O 6. b3 b6 7. Bb2 Bb7 8. e3 c5
9. Nc3 Qc8 10. cxd5 exd5 11. d4 Rd8 12. Rc1 Nc6 13. Ba3 Ne4 14. dxc5 Na5 15. Qc2
Bxc5 16. Bxc5 bxc5 17. Nxe4 dxe4 18. Ng5 Qf5 19. Nxe4 Rac8 20. Nxc5 Qh5 21. b4
Bxg2 22. Kxg2 Nc6 23. Qb3 Ne5 24. e4 h6 25. Rfd1 Qe2 26. Re1 Qg4 27. h3 Qg5 28.
Rcd1 Ng6 29. Rxd8+ Rxd8 30. Rd1 Re8 31. Rd7 Ne5 32. Rxa7 Qf6 33. Ra6 Qg5 34. Qe3
Qh5 35. Ra7 Rd8 36. a4 Nc4 37. Qf3 Qg6 38. Qf5 Ne3+ 39. fxe3 Rd2+ 40. Kf3 1-0

[Event "Druzynowe Mistrzostwa Polski - II liga"]
[Site "Sypniewo k. Jastrowia"]
[Date "1899-12-30"]
[Round "8.52"]
[White "Kaminski, Jan"]
[Black "Warszawski, Bartosz"]
[Result "1/2-1/2"]
[WhiteTitle "I++"]
[BlackTitle "m"]
[WhiteElo "1955"]
[BlackElo "2169"]

1. e4 c5 2. Nf3 d6 3. d4 cxd4 4. Nxd4 Nf6 5. Nc3 a6 6. h3 e6 7. g4 h6 8. Bg2 Qc7
9. Be3 Bd7 10. Qd3 Nc6 11. Nxc6 Bxc6 12. O-O-O b5 13. f4 Qb7 14. g5 hxg5 15. fxg5
Nd7 16. Bd4 Ne5 17. Bxe5 dxe5 18. g6 f6 19. h4 Be7 20. h5 b4 21. Nb1 Rc8 22. Qe3
Ba4 23. b3 Qc6 24. Rd2 Bc5 25. Qf3 Bb5 26. h6 Ke7 27. h7 a5 28. Bf1 Bxf1 29. Rxf1
a4 30. Rfd1 Bd4 31. Qe2 Rhd8 32. Rd3 a3 33. Rh1 Qc5 34. Kd1 Rh8 35. Rh2 Bc3 36.
Qe3 Bd4 37. Qd2 Rhd8 1/2-1/2

[Event "Druzynowe Mistrzostwa Polski - II liga"]
[Site "Sypniewo k. Jastrowia"]
[Date "1899-12-30"]
[Round "8.53"]
[White "Kaim, Piotr"]
[Black "Jedynak, January"]
[Result "1-0"]
[WhiteTitle "m"]
[BlackTitle "I+"]
[WhiteElo "2166"]
[BlackElo "1877"]

1. Nf3 d5 2. c4 e6 3. g3 Nf6 4. Bg2 Be7 5. O-O O-O 6. d4 b6 7. cxd5 exd5 8. Ne5
Bb7 9. Nc3 Nbd7 10. Qa4 Nxe5 11. dxe5 Ne8 12. Rd1 c6 13. e4 Nc7 14. Bf4 Bc5 15.
b4 b5 16. Qb3 Bb6 17. exd5 Nxd5 18. Nxd5 cxd5 19. Rd3 Qe7 20. Bxd5 Bxd5 21. Rxd5
a6 22. Rad1 Rfd8 23. Rxd8+ Rxd8 24. Rxd8+ Bxd8 25. Qd5 g5 26. Be3 Bc7 27. e6 fxe6
28. Qxg5+ Qxg5 29. Bxg5 Kf7 30. Kg2 Kg6 31. Bd2 Kf5 32. Kf3 Bb6 33. Be3 Bd8 34.
h4 h5 35. Bc5 e5 36. Ke3 e4 37. Kd4 a5 38. Kd5 axb4 39. Kc6 Kg4 40. Kxb5 Bxh4
41. gxh4 Kxh4 42. Kxb4 1-0

[Event "Druzynowe Mistrzostwa Polski - II liga"]
[Site "Sypniewo k. Jastrowia"]
[Date "1899-12-30"]
[Round "8.54"]
[White "Rudnik, Anna"]
[Black "Bednarska-bzdega, Malgorzata"]
[Result "1/2-1/2"]
[WhiteTitle "I++"]
[BlackTitle "WFM"]
[WhiteElo "1869"]
[BlackElo "1946"]

1. e4 c5 2. Nf3 Nc6 3. d4 cxd4 4. Nxd4 g6 5. c4 Bg7 6. Be3 Nf6 7. Nc3 d6 8. h3
O-O 9. Be2 Nxd4 10. Bxd4 Be6 11. b3 Qa5 12. O-O Rfc8 13. Rc1 Nd7 14. Bxg7 Kxg7
15. f4 f6 16. Bd3 a6 17. a4 Qc5+ 18. Kh1 a5 19. Bc2 Rf8 20. Qe2 Rae8 21. Rce1
Qc8 22. Nb5 Qc5 23. Rf3 Kh8 24. Qd2 Qb6 25. Rg3 Rg8 26. Re2 Rg7 27. Kh2 Rf8 28.
Nd4 Bf7 29. Nf3 Rd8 30. Nh4 Qc7 31. Rd3 Rgg8 32. Kh1 Nc5 33. Rde3 g5 34. fxg5
Rxg5 35. Rf2 Nd7 36. Nf5 Ne5 37. Nd4 Rdg8 38. Nf3 Nxf3 39. Rexf3 Be6 40. Qc3 1/2-1/2

[Event "Druzynowe Mistrzostwa Polski - II liga"]
[Site "Sypniewo k. Jastrowia"]
[Date "1899-12-30"]
[Round "8.55"]
[White "Dixa, Oskar"]
[Black "Schmidt, Wlodzimierz"]
[Result "1/2-1/2"]
[WhiteTitle "k"]
[BlackTitle "GM"]
[WhiteElo "1988"]
[BlackElo "2196"]

1. e4 e6 2. d4 d5 3. Nd2 c5 4. Ngf3 cxd4 5. exd5 Qxd5 6. Bc4 Qd7 7. Nb3 Nc6 8.
Nbxd4 Nxd4 9. Nxd4 a6 10. c3 Bd6 11. Qf3 Ne7 12. h3 Ng6 13. Bb3 O-O 14. O-O Qc7
15. Bc2 Bd7 16. Be3 Ne5 17. Qh5 g6 18. Qe2 Rfe8 19. Rad1 f5 20. Bb3 Nf7 21. Rfe1
e5 22. Nf3 Be6 23. Bxe6 Rxe6 24. Ng5 1/2-1/2

[Event "Druzynowe Mistrzostwa Polski - II liga"]
[Site "Sypniewo k. Jastrowia"]
[Date "1899-12-30"]
[Round "8.56"]
[White "Steczek, Marcin"]
[Black "Janiszewski, Filip"]
[Result "1-0"]
[WhiteTitle "FM"]
[BlackTitle "I++"]
[WhiteElo "2364"]
[BlackElo "1983"]

1. d4 Nf6 2. c4 g6 3. Nc3 Bg7 4. e4 d6 5. Be2 Nc6 6. d5 Nb8 7. Nf3 e5 8. O-O Nbd7
9. Nd2 O-O 10. Rb1 a5 11. a3 Bh6 12. b4 axb4 13. axb4 Ne8 14. Nb3 Bxc1 15. Qxc1
f5 16. exf5 gxf5 17. f4 Qe7 18. Qe3 Ndf6 19. Ra1 Rxa1 20. Rxa1 Ng7 21. Nd2 Re8
22. Nf1 h5 23. fxe5 dxe5 24. Qc5 Kf7 25. Nb5 Bd7 26. d6 cxd6 27. Nxd6+ Kg6 28.
Nxe8 Qxc5+ 29. bxc5 Bxe8 30. Rb1 Bc6 31. Nd2 Ne6 32. Nb3 Nd7 33. Rd1 Nexc5 34.
Nxc5 Nxc5 35. h4 Nd7 36. Rd6+ Nf6 37. Bxh5+ Kxh5 38. Rxf6 f4 39. Rf5+ Kxh4 40.
Kf2 Kg4 41. Rxe5 Bd7 42. Re4 Bc6 43. Re7 Kf5 44. Re1 Be4 45. Rd1 Ke5 46. Rd8 Bc6
47. Rh8 Ke4 48. Rh4 Ke5 49. g3 fxg3+ 50. Kxg3 Kd6 51. Rh5 Be8 52. Rd5+ Kc6 53.
Rf5 Bd7 54. Re5 Kd6 55. Kf4 Kc6 56. Ke3 Kb6 57. Kd4 Bc6 58. Re1 Bg2 59. Kc3 Kc5
60. Re5+ Kd6 61. Rg5 Bf3 62. Kb4 Kc7 63. Rg7+ Kc6 64. Rg6+ Kc7 65. Kc5 Bc6 66.
Rg7+ Bd7 67. Kd5 b6 68. Re7 Kc8 69. Kd6 Ba4 70. Ra7 Bb3 71. Kc6 Kb8 72. Rb7+ Ka8
73. Kxb6 Bxc4 74. Rc7 Be6 75. Re7 Bc8 76. Re8 Kb8 77. Rd8 1-0

[Event "Druzynowe Mistrzostwa Polski - II liga"]
[Site "Sypniewo k. Jastrowia"]
[Date "1899-12-30"]
[Round "8.57"]
[White "Adamczewski, Jedrzej"]
[Black "Smagalski, Slawomir"]
[Result "0-1"]
[WhiteTitle "I++"]
[BlackTitle "I++"]
[WhiteElo "1941"]
[BlackElo "1939"]

1. e4 e5 2. Bc4 Nc6 3. Nf3 Bc5 4. c3 Nf6 5. d3 d6 6. b4 Bb6 7. a4 a6 8. a5 Ba7
9. Qb3 O-O 10. O-O Ne7 11. Be3 c6 12. Bxa7 Rxa7 13. Qa2 Ng6 14. Nbd2 h6 15. d4
Qe7 16. Rfe1 Ra8 17. Bb3 Bd7 18. Rad1 Rad8 19. h3 Nh5 20. dxe5 dxe5 21. Nc4 Nhf4
22. Ne3 Qf6 23. Ng4 Nxh3+ 24. gxh3 Qxf3 25. Re3 Qf4 26. Rg3 Bxg4 27. Rxd8 Rxd8
28. Rxg4 Qf6 29. Rg3 Nf4 30. Bc4 Nh5 31. Rg4 Rd1+ 32. Kg2 Nf4+ 33. Kg3 Rg1+ 34.
Kh2 Rxg4 35. hxg4 Qh4+ 36. Kg1 Qxg4+ 37. Kf1 Qd1# 0-1

[Event "Druzynowe Mistrzostwa Polski - II liga"]
[Site "Sypniewo k. Jastrowia"]
[Date "1899-12-30"]
[Round "8.58"]
[White "Swiatnicki, Andrzej"]
[Black "Geraschenko, Dmitry"]
[Result "1/2-1/2"]
[WhiteTitle "k"]
[BlackTitle "II+"]
[WhiteElo "1976"]
[BlackElo "1851"]

1. d4 d6 2. Nc3 g6 3. Bg5 c6 4. Nf3 Bg7 5. Qd2 b5 6. h3 h6 7. Bf4 Nf6 8. a3 g5
9. Bh2 Bf5 10. e3 Nbd7 11. Be2 Qb6 12. O-O O-O 13. Bd3 Bxd3 14. Qxd3 a5 15. Ne4
c5 16. c3 cxd4 17. cxd4 Nxe4 18. Qxe4 Rfe8 19. Rac1 Nf6 20. Qf5 b4 21. a4 Qb7
22. Rc2 b3 23. Rc3 Nd5 24. Rc4 Nb6 25. Qb5 Qa6 26. Qxa6 Rxa6 27. Rc6 Rea8 28.
Ra1 Nd5 29. Rxa6 Rxa6 30. Nd2 Rb6 31. Ra3 Rc6 32. Nxb3 Rc2 33. Bg3 Rxb2 34. Nxa5
f5 35. Nb3 f4 36. exf4 gxf4 37. Bh4 Nc3 38. a5 Nb5 39. a6 Kf7 40. a7 Nxa7 41.
Rxa7 Rxb3 42. Rxe7+ Kg8 43. Re4 f3 44. Be7 Rd3 45. Bxd6 Bxd4 46. Rg4+ Kf7 47.
gxf3 Bxf2+ 48. Kxf2 Rxd6 49. Kg3 Rd5 50. h4 Ra5 51. Rb4 Ra6 52. Rb5 Kg6 53. h5+
Kf6 54. Kg4 Ra4+ 55. f4 Ra6 56. Rb7 Ra1 57. Rb6+ Kg7 58. Rg6+ Kh7 59. f5 Ra4+
60. Kg3 Ra3+ 61. Kh4 Ra4+ 62. Rg4 Ra5 63. Rf4 Kg7 64. Kg4 Kf6 65. Rc4 Ra6 66.
Rb4 Ra7 67. Rb2 Ra6 1/2-1/2

[Event "Druzynowe Mistrzostwa Polski - II liga"]
[Site "Sypniewo k. Jastrowia"]
[Date "1899-12-30"]
[Round "8.59"]
[White "Grzegorski, Michal"]
[Black "Walaszczyk, Witold"]
[Result "0-1"]
[WhiteTitle "I"]
[BlackTitle "k"]
[WhiteElo "1752"]
[BlackElo "2019"]

1. e4 c6 2. d4 d5 3. Nc3 dxe4 4. Nxe4 Bf5 5. Ng3 Bg6 6. h4 h6 7. f4 e6 8. Nf3 Nd7
9. h5 Bh7 10. Bd3 Bxd3 11. Qxd3 Ngf6 12. Bd2 Qc7 13. O-O-O O-O-O 14. Ne4 Nc5 15.
Nxc5 Bxc5 16. Qc4 Bd6 17. Ne5 Ne4 18. Be1 Rhe8 19. Qe2 f5 20. Bh4 Be7 21. Bxe7
Qxe7 22. Rh3 Rd5 23. Ra3 Kb8 24. Qc4 Qc7 25. Qa4 a6 26. c4 Rd6 27. c5 Rd5 28.
Rb3 Ka8 29. Nc4 Qxf4+ 30. Kb1 Nxc5 31. Nb6+ Ka7 32. Nxd5 Qe4+ 33. Ka1 Nxa4 0-1

[Event "Druzynowe Mistrzostwa Polski - II liga"]
[Site "Sypniewo k. Jastrowia"]
[Date "1899-12-30"]
[Round "8.60"]
[White "Bukowska, Katarzyna"]
[Black "Barwinska, Ewa"]
[Result "1/2-1/2"]
[WhiteTitle "k++"]
[BlackTitle "I++"]
[WhiteElo "1844"]
[BlackElo "1826"]

1. e4 c5 2. Nf3 d6 3. d4 cxd4 4. Nxd4 Nf6 5. Nc3 Nc6 6. Be2 e5 7. Nf3 Be6 8. O-O
d5 9. exd5 Nxd5 10. Nxd5 Qxd5 11. Qxd5 Bxd5 12. Bb5 Bxf3 13. gxf3 O-O-O 14. Be3
Nd4 15. Bxd4 Rxd4 16. Bd3 Rf4 17. Kg2 f5 18. Rad1 a6 19. Rfe1 Bd6 20. Bxf5+ Rxf5
21. Rxd6 Rhf8 22. Rd3 Rg5+ 23. Kf1 Rh5 24. Re4 Rff5 25. Rc4+ Kb8 26. Rd7 Rxf3
27. Rcc7 Rxh2 28. Rxb7+ Ka8 29. Ra7+ Kb8 30. Rab7+ Ka8 31. Ra7+ Kb8 32. Rab7+
1/2-1/2

[Event "Druzynowe Mistrzostwa Polski - II liga"]
[Site "Sypniewo k. Jastrowia"]
[Date "1899-12-30"]
[Round "8.61"]
[White "Karpus, Michal"]
[Black "Szewczyk, Mariusz"]
[Result "1-0"]
[WhiteTitle "FM"]
[BlackTitle "k"]
[WhiteElo "2179"]
[BlackElo "2119"]

1. e4 e5 2. Nf3 Nf6 3. Nxe5 d6 4. Nf3 Nxe4 5. d4 d5 6. Bd3 Bd6 7. O-O O-O 8. c4
c6 9. Nc3 Re8 10. Qc2 Nxc3 11. Bxh7+ Kh8 12. bxc3 dxc4 13. Bg5 Qa5 14. Rae1 Be6
15. Re4 Nd7 16. Rh4 Nf8 17. Re1 Bd7 18. Ree4 Rxe4 19. Bxe4+ Kg8 20. Bh7+ Kh8 21.
Bf5+ Kg8 22. Bxd7 f6 23. Bxf6 gxf6 24. Be6+ 1-0

[Event "Druzynowe Mistrzostwa Polski - II liga"]
[Site "Sypniewo k. Jastrowia"]
[Date "1899-12-30"]
[Round "8.62"]
[White "Kowalec, Maciej"]
[Black "Kukula, Pawel"]
[Result "0-1"]
[WhiteTitle "k"]
[BlackTitle "m"]
[WhiteElo "2070"]
[BlackElo "2121"]

1. c4 Nf6 2. Nc3 g6 3. g3 Bg7 4. Bg2 O-O 5. Nf3 d6 6. O-O e5 7. d3 Nc6 8. Rb1 a5
9. a3 Re8 10. b4 axb4 11. axb4 h6 12. b5 Ne7 13. Qb3 Be6 14. Bb2 Qd7 15. Ra1 Rab8
16. Rfd1 Bh3 17. Bh1 Nh5 18. d4 exd4 19. Nxd4 c6 20. e3 Nf6 21. Ba3 Rbd8 22. bxc6
bxc6 23. Nxc6 Nxc6 24. Rxd6 Na5 25. Qd1 Qc8 26. Qa4 Rxd6 27. Bxd6 Nxc4 28. Nb5
Bd7 29. Rc1 Bxb5 30. Qxb5 Nxd6 31. Rxc8 Nxb5 0-1

[Event "Druzynowe Mistrzostwa Polski - II liga"]
[Site "Sypniewo k. Jastrowia"]
[Date "1899-12-30"]
[Round "8.63"]
[White "Pacuszka, Tomasz"]
[Black "Litner, Igor"]
[Result "1-0"]
[WhiteTitle "FM"]
[BlackTitle "I++"]
[WhiteElo "2186"]
[BlackElo "1983"]

1. e4 d6 2. d4 Nf6 3. Nc3 e5 4. Nf3 Nbd7 5. Bc4 Be7 6. O-O O-O 7. Re1 c6 8. a4
Nb6 9. Ba2 Bg4 10. dxe5 Bxf3 11. Qxf3 dxe5 12. Bg5 Qc7 13. Nd1 Nbd7 14. Ne3 Bc5
15. Nf5 g6 16. Nh6+ Kg7 17. Rad1 Qb6 18. Nxf7 Bd4 19. Bh6+ 1-0

[Event "Druzynowe Mistrzostwa Polski - II liga"]
[Site "Sypniewo k. Jastrowia"]
[Date "1899-12-30"]
[Round "8.64"]
[White "Rzeszowski, Dominik"]
[Black "Krainski, Slawomir"]
[Result "1-0"]
[WhiteTitle "I++"]
[BlackTitle "k"]
[WhiteElo "1863"]
[BlackElo "2082"]

1. e4 d6 2. d4 Nf6 3. Nc3 e5 4. Nge2 Nbd7 5. f3 c6 6. a4 Be7 7. Be3 O-O 8. Qd2
d5 9. exd5 cxd5 10. dxe5 Nxe5 11. Nf4 Bb4 12. Be2 Qe7 13. O-O Be6 14. Kh1 Rfd8
15. Bd4 Nc6 16. Rad1 Rac8 17. Rfe1 Nxd4 18. Qxd4 Qc5 19. Qxc5 Rxc5 20. Nd3 Bxc3
21. Nxc5 Bxe1 22. Rxe1 Rc8 23. Nxe6 fxe6 24. Bd3 Kf7 25. g4 g5 26. Rxe6 Kxe6 27.
Bf5+ Ke5 28. Bxc8 b6 29. Kg2 Kf4 30. Kf2 h5 31. gxh5 Nxh5 32. c3 Nf6 33. b3 Ne8
34. Bb7 Nf6 35. Bc6 Ke5 36. Kg3 Kf5 37. Bb7 Nh5+ 38. Kf2 Ke5 39. Ba6 d4 40. cxd4+
Kxd4 41. Bc4 Nf6 42. Bf7 Kd3 43. f4 Kd4 44. Kf3 g4+ 45. Kg3 Ke3 46. Bg6 a6 47.
Bf5 a5 48. Be6 Nh5+ 49. Kxg4 Nxf4 50. Bf5 1-0

[Event "Druzynowe Mistrzostwa Polski - II liga"]
[Site "Sypniewo k. Jastrowia"]
[Date "1899-12-30"]
[Round "8.65"]
[White "Krainski, Aleksander"]
[Black "Powalka, Michal"]
[Result "1/2-1/2"]
[WhiteTitle "FM"]
[BlackTitle "I++"]
[WhiteElo "2037"]
[BlackElo "1970"]

1. Nf3 Nf6 2. g3 g6 3. Bg2 Bg7 4. O-O O-O 5. d4 d6 6. Nc3 c5 7. dxc5 dxc5 8. Qxd8
Rxd8 9. Be3 Na6 10. Rad1 Re8 11. h3 Nd7 12. a3 Bxc3 13. bxc3 e5 14. Ng5 Re7 15.
Rd6 Nb6 16. Rd8+ Kg7 17. Ne4 f6 18. Nxc5 Nxc5 19. Bxc5 Rc7 20. Bb4 Bf5 21. Rxa8
Nxa8 22. Rd1 Nb6 23. Rd8 Bxc2 24. Rb8 e4 25. f3 f5 26. Bd6 Rd7 27. Be5+ Kf7 28.
Bd4 Nc4 29. fxe4 fxe4 30. h4 b6 31. Rh8 h5 32. Bh3 Re7 33. Rh7+ Kf8 34. Rh8+ 1/2-1/2

[Event "Druzynowe Mistrzostwa Polski - II liga"]
[Site "Sypniewo k. Jastrowia"]
[Date "1899-12-30"]
[Round "8.66"]
[White "Bebnik, Malgorzata"]
[Black "Cieslak, Wiktoria"]
[Result "0-1"]
[WhiteTitle "I++"]
[BlackTitle "k++"]
[WhiteElo "1756"]
[BlackElo "1915"]

1. d4 Nf6 2. c4 e6 3. Nc3 Bb4 4. Qc2 O-O 5. Nf3 c5 6. e3 b6 7. Bd3 Bb7 8. e4 d5
9. cxd5 exd5 10. e5 Ne4 11. O-O Bxc3 12. bxc3 cxd4 13. cxd4 Nd7 14. Ba3 Re8 15.
Rac1 Rc8 16. Qb3 Nf8 17. Rfe1 Qd7 18. Bb5 Bc6 19. Rxc6 Rxc6 20. e6 Qxe6 21. Qa4
Rec8 22. Bxc6 Qxc6 23. Qxa7 Ng6 24. Qa6 Nf4 25. Bb4 Ra8 26. Ne5 Rxa6 27. Nxc6
Rxa2 28. Ne7+ Kh8 29. Nxd5 Nxd5 30. Rxe4 h6 31. Be1 Ra1 32. Kf1 b5 33. Re8+ Kh7
34. Ke2 Nf4+ 35. Kf3 Ne6 36. d5 Rxe1 37. dxe6 fxe6 38. Rb8 Re5 39. Kf4 Rf5+ 40.
Ke3 Kg6 41. h3 Rd5 42. Ke4 Kf6 43. Rb7 h5 44. Ke3 g5 45. Ke4 Rd2 46. Rb8 b4 47.
Ke3 Rb2 48. Rb5 b3 49. Kf3 Rb1 50. Kg3 b2 51. Kf3 e5 52. Rb6+ Ke7 53. Kg3 Kd7
54. Kf3 Kc7 55. Rb3 Kc6 56. Ke2 Kc5 57. Kd2 Rf1 58. Rxb2 Rxf2+ 0-1

[Event "Druzynowe Mistrzostwa Polski - II liga"]
[Site "Sypniewo k. Jastrowia"]
[Date "1899-12-30"]
[Round "8.67"]
[White "Bilczewski, Kacper"]
[Black "Osinski, Emil"]
[Result "1/2-1/2"]
[WhiteTitle "k+"]
[BlackTitle "k"]
[WhiteElo "2112"]
[BlackElo "2171"]

1. e4 c5 2. c3 d5 3. exd5 Qxd5 4. d4 Nc6 5. Nf3 Bf5 6. Be2 cxd4 7. cxd4 Bxb1 8.
Rxb1 e6 9. O-O Nf6 10. Qa4 Bd6 11. Bg5 Ne4 12. Be3 a6 13. Ne5 b5 14. Bxb5 Qxb5
15. Qxb5 axb5 16. Nxc6 Rxa2 1/2-1/2